000 01250cam a2200289 ia4500
003 SA-RiAUC
005 20250315125040.0
008 250115s2007 su g b f000r0 ara c
020 _a9960025705
040 _aSA-JeALM
_bara
_cSA-RiAUC
_erda
082 0 4 _a237.3
_qSA-RiAUC
090 _a237.3
_bك ي ل
100 1 _aالكيلاني، علي عبد الحفيظ
_eمؤلف.
245 1 2 _aالمباحث العقدية المتعلقة بالأذكار /
_cتأليف علي بن عبد الحفيظ الكيلاني.
250 _aالطبعة الأولى.
264 1 _aالمدينة المنورة :
_bوزارة التعليم العالي، الجامعة الإسلامية، عمادة البحث العلمي،
_c[2007]
300 _a3 مجلد ؛
_c24 سم
336 _aنص
_btxt
_2rdacontent
_3كتاب
337 _aبدون وسيط
_bn
_2rdamedia
338 _aمجلد
_bnc
_2rdacarrier
490 _aالجامعة الإسلامية, عمادة البحث العلمي.
_v92
504 _aيشتمل على إرجاعات ببلوجرافية.
590 _aالمجلدات مكتملة (1-3)
650 7 _aالأدعية والأوراد
_2aucsh
942 _2ddc
_cBOOK
_n0
949 _aSA-JeALM
_d250115
_umohamedma123
_n1
999 _c4888
_d4888